[Event "Uppsala Young Champions 2016"]
[Site "Uppsala Schackcentrum, Sweden"]
[Date "2016.11.02"]
[Round "9.9"]
[White "Bannout, Edvin"]
[Black "Bit-Narva, David"]
[Result "1-0"]
[BlackElo "2019"]
[WhiteElo "1818"]
[LiveChessVersion "1.4.8"]

1. e4 {[%clk 1:30:02]} c6 {[%clk 1:30:46]} 2. d4 {[%clk 1:29:46]} g6
{[%clk 1:31:07]} 3. Nc3 {[%clk 1:28:33]} d5 {[%clk 1:30:33]} 4. Bg5
{[%clk 1:19:54]} dxe4 {[%clk 1:27:33]} 5. Nxe4 {[%clk 1:18:31]} Bg7
{[%clk 1:24:25]} 6. Nf3 {[%clk 1:17:36]} Bf5 {[%clk 1:21:00]} 7. Ng3
{[%clk 1:13:10]} Bg4 {[%clk 1:20:50]} 8. Bc4 {[%clk 1:11:52]} Qb6
{[%clk 1:10:40]} 9. Bb3 {[%clk 1:08:11]} Qa5+ {[%clk 1:04:38]} 10. c3
{[%clk 1:02:16]} Nf6 {[%clk 0:57:35]} 11. Bd2 {[%clk 0:53:43]} O-O
{[%clk 0:55:39]} 12. O-O {[%clk 0:50:03]} Nbd7 {[%clk 0:55:35]} 13. c4
{[%clk 0:47:45]} Qc7 {[%clk 0:54:29]} 14. h3 {[%clk 0:47:10]} Bxf3
{[%clk 0:54:47]} 15. Qxf3 {[%clk 0:47:38]} e5 {[%clk 0:54:31]} 16. Bc3
{[%clk 0:42:59]} exd4 {[%clk 0:39:49]} 17. Bxd4 {[%clk 0:43:13]} Nh5
{[%clk 0:35:40]} 18. Bxg7 {[%clk 0:41:32]} Nxg7 {[%clk 0:36:01]} 19. Ne4
{[%clk 0:35:47]} c5 {[%clk 0:33:59]} 20. Rad1 {[%clk 0:34:51]} f5
{[%clk 0:26:50]} 21. Nc3 {[%clk 0:32:03]} Nf6 {[%clk 0:17:53]} 22. Rfe1
{[%clk 0:26:31]} Rfe8 {[%clk 0:15:28]} 23. Nb5 {[%clk 0:21:16]} Qc6
{[%clk 0:14:59]} 24. Rxe8+ {[%clk 0:19:35]} Nfxe8 {[%clk 0:14:10]} 25. Qxc6
{[%clk 0:16:57]} bxc6 {[%clk 0:14:36]} 26. Nd6 {[%clk 0:14:58]} Nf6
{[%clk 0:13:17]} 27. Nb7 {[%clk 0:13:18]} Ne6 {[%clk 0:13:26]} 28. Rd6
{[%clk 0:12:26]} Kf7 {[%clk 0:12:36]} 29. Rxc6 {[%clk 0:12:28]} Nd7
{[%clk 0:11:37]} 30. Rd6 {[%clk 0:08:26]} Ke7 {[%clk 0:09:28]} 31. Rd2
{[%clk 0:07:44]} Rb8 {[%clk 0:07:44]} 32. Na5 {[%clk 0:08:12]} Rb6
{[%clk 0:08:00]} 33. Ba4 {[%clk 0:06:41]} Ne5 {[%clk 0:07:41]} 34. Rd5
{[%clk 0:06:24]} Kf6 {[%clk 0:06:52]} 35. b3 {[%clk 0:02:21]} h6 {[%clk 0:03:57]}
36. Kf1 {[%clk 0:02:34]} g5 {[%clk 0:02:40]} 37. g3 {[%clk 0:02:29]} h5
{[%clk 0:01:55]} 38. a3 {[%clk 0:02:04]} Ra6 {[%clk 0:00:42]} 39. Nb7
{[%clk 0:02:16]} Nxc4 {[%clk 0:00:46]} 40. Nxc5 {[%clk 0:01:38]} Nxc5
{[%clk 0:00:56]} 41. Rxc5 {[%clk 0:01:30]} Nxa3 {[%clk 0:00:43]} 42. Ke2
{[%clk 0:01:27]} Rb6 {[%clk 0:00:50]} 43. Kd3 {[%clk 0:01:37]} a6
{[%clk 0:00:42]} 44. Rc6+ {[%clk 0:01:21]} Rxc6 {[%clk 0:01:10]} 45. Bxc6
{[%clk 0:01:43]} Ke5 {[%clk 0:01:34]} 46. Kc3 {[%clk 0:01:16]} a5
{[%clk 0:01:50]} 47. Kb2 {[%clk 0:01:35]} h4 {[%clk 0:01:00]} 48. gxh4
{[%clk 0:01:44]} gxh4 {[%clk 0:01:21]} 49. Kxa3 {[%clk 0:02:07]} Kd5 1-0

[Event "Uppsala Young Champions 2016"]
[Site "Uppsala Schackcentrum, Sweden"]
[Date "2016.11.02"]
[Round "9.10"]
[White "Jäppinen, Erland"]
[Black "Björkman, Filip"]
[Result "0-1"]
[BlackElo "1976"]
[WhiteElo "1768"]
[LiveChessVersion "1.4.8"]

1. e4 {[%clk 1:30:46]} Nc6 {[%clk 1:30:48]} 2. Nf3 {[%clk 1:31:03]} e6
{[%clk 1:30:50]} 3. d4 {[%clk 1:31:09]} d5 {[%clk 1:30:53]} 4. e5
{[%clk 1:31:29]} Be7 {[%clk 1:30:54]} 5. Bd3 {[%clk 1:31:39]} f6 {[%clk 1:30:49]}
6. exf6 {[%clk 1:31:07]} Bxf6 {[%clk 1:31:07]} 7. O-O {[%clk 1:30:41]} Nge7
{[%clk 1:31:24]} 8. c3 {[%clk 1:30:56]} O-O {[%clk 1:31:49]} 9. Re1
{[%clk 1:30:40]} Nf5 {[%clk 1:30:44]} 10. Nbd2 {[%clk 1:26:34]} Qd6
{[%clk 1:28:23]} 11. g4 {[%clk 1:22:24]} Nh4 {[%clk 1:28:31]} 12. Nxh4
{[%clk 1:22:17]} Bxh4 {[%clk 1:28:54]} 13. Nf3 {[%clk 1:22:28]} Bxf2+
{[%clk 1:26:08]} 14. Kg2 {[%clk 1:11:43]} Bxe1 {[%clk 1:25:39]} 15. Qxe1
{[%clk 1:09:40]} Rxf3 {[%clk 1:25:36]} 16. Kxf3 {[%clk 1:06:59]} e5
{[%clk 1:25:59]} 17. Bf4 {[%clk 1:00:17]} exf4 {[%clk 1:26:02]} 18. Qe8+
{[%clk 1:00:34]} Qf8 {[%clk 1:26:18]} 19. Bxh7+ {[%clk 1:01:00]} Kxh7
{[%clk 1:26:24]} 20. Qh5+ {[%clk 0:58:43]} Kg8 {[%clk 1:26:27]} 21. g5
{[%clk 0:58:18]} Qe7 {[%clk 1:19:52]} 22. g6 {[%clk 0:57:34]} Qe3+
{[%clk 1:20:12]} 23. Kg2 {[%clk 0:57:56]} Bh3+ {[%clk 1:17:06]} 24. Qxh3
{[%clk 0:58:10]} Qxh3+ {[%clk 1:17:34]} 25. Kxh3 {[%clk 0:58:33]} Ne7
{[%clk 1:17:59]} 26. Rg1 {[%clk 0:58:35]} Rf8 {[%clk 1:18:20]} 0-1